Borussia Mönchengladbach - Kader 2015/16 - Statistiken

Allgemein
  • Dieses Quiz wurde 142 mal gespielt
    106 seit der letzten Aktualisierung
  • Das Durchschnittsergebnis liegt bei 17 aus 31
Antwortstatistiken
Nummer Position Nationalität Spieler % Korrekt
1 Torwart Schweiz Yann Sommer
100%
13 Mittelfeld Deutschland Lars Stindl
88%
11 Sturm Brasilien Raffael
86%
8 Mittelfeld Deutschland/Syrien Mahmoud Dahoud
82%
10 Mittelfeld Belgien Thorgan Hazard
82%
7 Mittelfeld Deutschland Patrick Herrmann
80%
17 Abwehr Schweden Oscar Wendt
76%
39 Abwehr Österreich Martin Stranzl
70%
21 Torwart Deutschland Tobias Sippel
70%
34 Mittelfeld Schweiz Granit Xhaka
69%
9 Sturm Schweiz Josip Drmic
67%
30 Abwehr Schweiz Nico Elvedi
67%
4 Abwehr Niederlande Roel Brouwers
67%
3 Abwehr Dänemark Andreas Christensen
65%
15 Abwehr Spanien Álvaro Domínguez
64%
6 Mittelfeld Norwegen Håvard Nordtveit
63%
24 Abwehr Deutschland Tony Jantschke
63%
23 Mittelfeld Deutschland Jonas Hofmann
55%
31 Sturm Schweden Branimir Hrgota
52%
33 Torwart Deutschland Christofer Heimeroth
45%
19 Mittelfeld Vereinigte Staaten Fabian Johnson
43%
28 Sturm Deutschland André Hahn
42%
16 Mittelfeld Guinea/Frankreich Ibrahima Traoré
42%
27 Abwehr Deutschland Julian Korb
40%
5 Abwehr Österreich Martin Hinteregger
39%
20 Mittelfeld Schweiz Djibril Sow
29%
14 Abwehr Deutschland Nico Schulz
18%
36 Sturm Deutschland Marlon Ritter
14%
18 Mittelfeld Deutschland Marvin Schulz
12%
44 Mittelfeld Deutschland Tsiy William Ndenge
7%
46 Mittelfeld Deutschland Nils Rütten
4%
Keine übereinstimmenden Quizze gefunden
Verteilung der Resultate
Anzahl Personen mit jedem Resultat
Perzentil nach korrekt beantworteten Fragen
Ihre Resultats-Entwicklung
Sie haben dieses Quiz seit der letzten Aktualisierung nicht gespielt